Statistics for Car Brands

Click here to take the quiz!

General Stats

  • This quiz has been taken 384 times
  • The average score is 41 of 135

Answer Stats

Car Brand% Correct
BMW
86%
Ferrari
86%
Toyota
86%
Audi
83%
Ford
83%
Honda
80%
Lamborghini
79%
Volkswagen
78%
Hyundai
74%
Chevrolet
71%
Fiat
71%
Nissan
70%
Mercedes Benz
69%
Porsche
69%
Volvo
69%
Kia
68%
Bugatti
66%
Alfa Romeo
65%
Aston Martin
64%
Jeep
64%
Bentley
63%
Renault
63%
Land Rover
62%
Mitsubishi
62%
Jaguar
61%
Skoda
61%
Suzuki
61%
Peugeot
60%
Citroen
59%
Tesla
59%
Mazda
58%
Mini
58%
Opel
58%
Dodge
57%
Rolls Royce
56%
Subaru
56%
Lexus
55%
Seat
53%
Maserati
49%
McLaren
49%
Cadillac
48%
Chrysler
48%
AC
47%
Saab
47%
GMC
44%
Acura
43%
Infiniti
43%
Buick
42%
Dacia
41%
Lincoln
40%
Vauxhall
40%
Smart
39%
Lada
37%
Pontiac
37%
Lotus
36%
Tata
35%
Koenigsegg
34%
Pagani
34%
Lancia
33%
Daewoo
32%
Hummer
30%
MG
29%
Abarth
28%
Corvette
28%
Rover
28%
Daihatsu
27%
Isuzu
27%
Holden
26%
Mustang
26%
Maybach
25%
Datsun
24%
Geely
22%
Oldsmobile
22%
Scania
22%
Scion
22%
Shelby
19%
SsangYong
18%
BYD
17%
Morgan
17%
Ariel
13%
Chery
13%
Mahindra
13%
Proton
13%
Great Wall
11%
Hennessey
11%
Rimac
10%
Caterham
9%
Ascari
8%
Lagonda
8%
Saleen
8%
TVR
8%
DAF
7%
Gaz
7%
Gumpert
7%
Noble
6%
Arash
5%
Spyker
5%
Think
5%
UAZ
5%
W Motors
5%
Aixam
4%
Pininfarina
4%
Ruf
4%
Arrinera
3%
Artega
3%
Changan
3%
DR
3%
Mosler
3%
Perodua
3%
Vector
3%
Berkeley
2%
Bertone
2%
Brilliance
2%
Caparo
2%
Continental
2%
Elfin
2%
Joss
2%
Panoz
2%
Troller
2%
Venturi
2%
Zagato
2%
Zaz
2%
Zil
2%
Ad Tramontana
1%
Devel Sixteen
1%
DKW
1%
Ginetta
1%
Luxgen
1%
Piaggio
1%
Breckland
0%
Emgrand
0%
Eterniti
0%
Gemballa
0%
Gillet
0%
Vandenbrink
0%

Score Distribution

Percentile by Number Answered

Percent of People with Each Score

Your Score History

You have not taken this quiz